Investície do inovácií - najvýznamnejší faktor konkurencieschopnosti strojárskych podnikov
Konkurencieschopnosť - detailný rozbor daného pojmu a najvýznamnejšie faktory, ktoré naň vplývajú. Inovácie ako významný faktor konkurencieschopnosti. Bariéry inovácií v podnikoch. Vplyv inovácií na konkurencieschopnosť slovenských strojárskych podnikov.
Salvato in:
| Autore principale: | |
|---|---|
| Natura: | Capitolo di libro |
| Lingua: | slovacco |
| Soggetti: | |
| Tags: |
Nessun Tag, puoi essere il primo ad aggiungerne!!
|
MARC
| LEADER | 00000nla a2200000 4500 | ||
|---|---|---|---|
| 001 | 0163481 | ||
| 005 | 20240502072836.5 | ||
| 041 | 0 | |a slo | |
| 044 | |a SK | ||
| 245 | 1 | 0 | |a Investície do inovácií - najvýznamnejší faktor konkurencieschopnosti strojárskych podnikov |c Gabriela Džuganová |
| 520 | |a Konkurencieschopnosť - detailný rozbor daného pojmu a najvýznamnejšie faktory, ktoré naň vplývajú. Inovácie ako významný faktor konkurencieschopnosti. Bariéry inovácií v podnikoch. Vplyv inovácií na konkurencieschopnosť slovenských strojárskych podnikov. | ||
| 610 | 2 | 0 | |a konkurencieschopnosť |
| 610 | 2 | 0 | |a inovácia |
| 610 | 2 | 0 | |a investície |
| 610 | 2 | 0 | |a priemysel strojársky |
| 610 | 2 | 0 | |a Slovensko |
| 100 | 1 | |a Džuganová, Gabriela | |